000 05782nam a22006135a 4500
005 20080401071914.0
008 080224s2007 ii 100 0deng
010 _aB-268694-719
020 _a9788126025473
_c220.00
035 _aB-268694-719
040 _adpl
_bEnglish
082 _a891.4
245 _aGrowing up as a woman writer /
_cedited by Jasbir Jain.
260 _aNew Delhi :
_bSahitya Akademi,
_c2007
270 _aRabindra Bhavan ,35 Ferozeshah Road
_bNew Delhi
_e110001
300 _axxii, 528 p.
_c23 cm (Hb)
520 _aChiefly contributed papers on 20th century Indian women's writings; emanating from two conferences of women writers organized by Sahitya Akademi in 2001 at New Delhi and in 2005 at Hyderabad; includes fictional, poetic, and autobiographical writings of Indian women writers.
650 _aIndic literature
_y20th century
_xHistory and criticism
_vCongresses.
650 _aIndic literature
_xWomen authors
_xHistory and criticism
_vCongresses.
650 _aWomen authors, Indic
_vCongresses.
650 _aWomen and literature
_zIndia
_vCongresses.
650 _aIndic literature
_y20th century
_vTranslations into English.
650 _aIndic literature
_xWomen authors
_vTranslations into English.
700 _aJain, Jasbir
942 _2ddc
_cEN
_mGRO
_h891.4
999 _c16819
_d16819